Nanoscience and Nanotechnology/ (Record no. 565775)

000 -LEADER
fixed length control field 00371nam a2200133Ia 4500
008 - FIXED-LENGTH DATA ELEMENTS--GENERAL INFORMATION
fixed length control field 210430s9999 xx 000 0 und d
020 ## - INTERNATIONAL STANDARD BOOK NUMBER
International Standard Book Number 9788126542017
082 ## - DEWEY DECIMAL CLASSIFICATION NUMBER
Classification number 620.5 R2151N
100 ## - MAIN ENTRY--PERSONAL NAME
Personal name Roa Ramachandra M.S.
9 (RLIN) 54885
245 ## - TITLE STATEMENT
Title Nanoscience and Nanotechnology/
Statement of responsibility, etc. Roa Ramachandra M.S.
260 ## - PUBLICATION, DISTRIBUTION, ETC.
Place of publication, distribution, etc. New Dehli.
Name of publisher, distributor, etc. Wiley.
Date of publication, distribution, etc. 2013
300 ## - PHYSICAL DESCRIPTION
Extent 370p.
942 ## - ADDED ENTRY ELEMENTS (KOHA)
Koha item type Reference
Source of classification or shelving scheme
Holdings
Withdrawn status Lost status Source of classification or shelving scheme Damaged status Not for loan Permanent Location Current Location Shelving location Date acquired Total Checkouts Total Renewals Full call number Barcode Date last seen Date last checked out Price effective from Koha item type
          School of Chemical & Materials Engineering (SCME) School of Chemical & Materials Engineering (SCME) Reference   1 3 620.5 R2151N SCME-4724 04/08/2026 01/30/2026 04/30/2021 Book
© 2023 Central Library, National University of Sciences and Technology. All Rights Reserved.